000 00683nam a2200265Ia 4500
005 20260302115405.0
008 008 260114s9999 xx 000 0 eng d
020 _a9781350487178
037 _aTextbook
040 _aCRL
040 _beng
040 _cCRL
041 _2eng
041 _aeng
084 _qCRL
100 _aRaymond Wilson
_91121489
245 0 _aLord of the Flies by William Golding
260 _bBloomsbury
260 _bBloomsbury Academic
260 _c1986
650 _aLiterary Studies
856 _uhttps://doi.org/10.1007/978-1-349-08348-0?locatt=label:secondary_bloomsburyCollections
942 _cEBOOK
999 _c1686046
_d1686046